Estadísticas para Países que Ganarán más Población para 2070

Haz click aquí para intentar la prueba.

Estadísticas generales

  • Esta prueba ha sido intentada 48 veces
  • La puntuación promedio es 14 de 20

Estadísticas de respuestas

#%País% Correcto
46.6 m14%Estados Unidos
93%
271 m19%India
93%
80.1 m302%Níger
93%
252 m114%Nigeria
91%
147 m118%Etiopía
83%
41.8 m15%Indonesia
80%
73.9 m66%Egipto
78%
213 m213%R.D Congo
78%
202 m85%Pakistán
76%
63.5 m134%Sudán
74%
114 m172%Tanzania
74%
47.1 m87%Kenia
72%
64.0 m178%Angola
70%
50.6 m152%Mozambique
63%
58.7 m51%Filipinas
59%
48.2 m108%Irak
59%
43.3 m190%Malí
46%
64.5 m135%Uganda
46%
52.8 m127%Afganistán
37%
40.1 m141%Costa de Marfil
37%

Distribución de puntuación

Porcentaje por número respondido

Porcentaje de gente con cada puntuación

Historial de tus puntuaciones

No has intentado esta prueba.